[Event "NRW Verbandsklasse Group3 1314"]
[Site "Nordrheinwestfalen"]
[Date "2013.11.03"]
[Round "3"]
[White "Isdepski, Marcus"]
[Black "Abulhanov, Dinar"]
[Result "1-0"]
[WhiteElo "1835"]
[BlackElo "1511"]
[PlyCount "69"]
[EventDate "2013.09.08"]
[EventType "team-tourn"]
[EventRounds "9"]
[EventCountry "GER"]
[SourceTitle "EXT 2020"]
[Source "ChessBase"]
[SourceDate "2019.10.17"]
[SourceVersion "1"]
[SourceVersionDate "2019.10.17"]
[SourceQuality "1"]
[WhiteTeam "Weisse Dame Borbeck II"]
[BlackTeam "Erkenschwick II"]
[WhiteTeamCountry "GER"]
[BlackTeamCountry "GER"]

1. d4 Nf6 2. c4 e6 3. Nc3 d5 4. cxd5 Nxd5 5. e4 Nb6 6. Be3 N8d7 7. Nf3 Be7 8. Be2 0-0 9. 0-0 Nf6 10. h3 Bd7 11. Ne5 Be8 12. Qc2 Nfd7 13. Nd3 f6 14. Rad1 Bf7 15. f4 c6 16. b3 Rc8 17. Bg4 Qc7 18. Nc5 Nxc5 19. dxc5 Nd7 20. Ne2 Rfd8 21. b4 Nf8 22. f5 e5 23. Ng3 Rxd1 24. Rxd1 a5 25. a3 Ra8 26. Bh5 g6 27. fxg6 hxg6 28. Be2 axb4 29. axb4 Ra2 30. Qc3 Kg7 31. Bc4 Bxc4 32. Qxc4 Ra3 33. Qc1 Rb3 34. Qd2 Ra3 35. Kh2 1-0